[Event "RUS-CHN Summit Men 4th"]
[Site "Nizhnij Novgorod"]
[Date "2007.08.26"]
[Round "6"]
[White "Inarkiev, Ernesto"]
[Black "Wang, Hao"]
[Result "1-0"]
[WhiteElo "2650"]
[BlackElo "2624"]
[Annotator "Inarkiev,E"]
[PlyCount "117"]
[EventDate "2007.08.20"]
[EventType "schev"]
[EventRounds "10"]
[EventCountry "RUS"]
[SourceTitle "CBM 120"]
[Source "ChessBase"]
[SourceDate "2007.10.02"]
[SourceVersion "1"]
[SourceVersionDate "2007.10.02"]
[SourceQuality "1"]

{This was the first round of the second cycle. I had +2, my opponent had +1.
We both finished the first cycle undefeated. Dies war die erste Runde des
zweiten Durchgangs. Ich hatte +2, mein Gegner +1. Wir beide hatten den ersten
Durchgang ungeschlagen überstanden.} 1. e4 e5 2. Nf3 Nc6 3. Bb5 a6 4. Ba4 Nf6
5. O-O Be7 6. Re1 b5 7. Bb3 d6 8. c3 O-O 9. h3 Bb7 10. d4 Re8 {The Zaitsev
variation, a quite fashionable and active set up for Black. Die
Saitsev-Variante, ein recht aktueller und aktiver Aufbau für Schwarz.} 11. Nbd2
Bf8 12. a3 {This day, I was going to play a positional game. An diesem Tag
wollte ich eine positionelle Partie spielen.} ({The main line is Das
Hauptabspiel ist} 12. a4 h6 13. Bc2 exd4 14. cxd4 Nb4 15. Bb1 c5 {and leads to
sharper play. und führt zu schärferem Spiel.}) 12... h6 13. Bc2 Nb8 14. b4 Nbd7
15. Bb2 g6 {I was thinking where to go, and spent some time on the opening,
whilst Hao played fast, without any doubts. Ich musste überlegen, wo die Reise
hingeht und verbrauchte für die Eröffnung einige Bedenkzeit, während Hao
schnell spielte, ohne jedes Zögern.} 16. c4 exd4 17. cxb5 axb5 18. Nxd4 c6 {
We can summarise the opening. The pawn structure is unusual for the Ruy Lopez,
there is a lot of dynamics. White is a bit active in the centre, but Black's
position is very flexible. The play will revolve around the break in the
centre, if Black can play c6-c5, he will have a good game. Another break d6-d5,
also should be borne in mind. Wir können die Eröffnung zusammenfassen. Die
Bauernstruktur ist ungewöhnlich für den Spanier, sie birgt eine Menge Dynamik.
Weiß ist ein bisschen aktiv im Zentrum, doch die schwarze Stellung ist sehr
flexibel. Das Spiel wird sich um den Durchbruch im Zentrum drehen; wenn
Schwarz zu c6-c5 kommt, wird er gutes Spiel haben. Auch einen weiteren Hebel,
d6-d5, sollte man im Auge haben.} 19. Rc1 ({In the last game on high level in
this position White chose In der letzten Partie auf hoher Ebene wählte Weiß in
dieser Stellung} 19. a4 d5 20. N4f3 bxa4 21. e5 a3 22. Rxa3 Rxa3 23. Bxa3 Nh5
24. e6 Rxe6 25. Rxe6 fxe6 26. Bxg6 Nf4 27. Bb1 Qf6 $13 {...1/2-1/2, Svidler,
P-Bacrot,E/Poikovsky 2005 (34)}) 19... Bg7 (19... Qb6 {is an alternative. ist
eine Alternative.}) 20. N2b3 $146 {Only this move is a novelty. Erst dieser
Zug ist eine Neuerung.} ({In an old correspondence game White tried In einer
alten Fernpartie versuchte Weiß} 20. a4 bxa4 21. Bxa4 c5 22. bxc5 dxc5 23. N4f3
Re7 $13 {...1/2-1/2, Kwiatkowski,F-Bowyer,K/1988 corr (36)}) 20... Rc8 {
Knight a5 was a threat, so Black prepares the square a8 for the bishop.
Springer a5 war eine Drohung, daher räumt Schwarz das Feld a8 für den Läufer.}
21. a4 $5 (21. Na5 $6 Ba8 {(/\c6-c5).}) 21... Qb6 $6 {Played after long
thought. Nach langem Nachdenken gespielt.} ({Attractive, and the right way is
Attraktiv und auch der richtige Weg ist} 21... bxa4 $1 22. Na5 {and now the
very important und nun das ganz wichtige} a3 $1 ({White is better after Weiß
steht besser nach} 22... Ba8 $6 23. Bxa4 Nxe4 24. Naxc6 Qh4 25. Rc2 $16) 23.
Bxa3 ({or} 23. Nxb7 Qc7 24. Bxa3 Qxb7 $13 25. Ba4 Nb8) 23... Ba8 {(/\c6-c5)
And if White will try the same (/\c6-c5) Und falls Weiß in dieser Stellung
dasselbe versucht;} 24. Ba4 Nxe4 25. Naxc6 Qh4 {then, in this position, with
the bishop on a3, already Black has initiative. dann hat Schwarz, mit dem
Läufer auf a3, bereits die Initiative.} {For example Zum Beispiel} 26. Rc2 $2
Bxc6 27. Nxc6 (27. Bxc6 Nxf2 $1 $19) {Here we can see why the bishop on a3 is
worse then on b2 Hier sehen wir, warum der Läufer auf a3 schlechter steht als
auf b2.} 27... Nc3 $1 28. Qd2 Nxa4 29. Ne7+ Rxe7 30. Rxc8+ Kh7 $17) 22. a5 $1
Qa6 {Instead of a backward pawn on a3, White got a strong passed pawn on a5.
Of course, now c6-c5 is much more dangerous for White, because he has to
defend the pawn a5. Statt eines rückständigen Bauern auf a3 hat Weiß nunmehr
einen starken Freibauern a5. Natürlich macht dies nun c6-c5 um so gefährlicher
für ihn, weil er den Bauern a5 decken muss.} 23. Bd3 $14 Ne5 24. Ba1 ({White
can't avoid the exchange of the bishop Weiß kann den Tausch des Läufers nicht
vermeiden:} 24. Bf1 $6 Nc4 $1 {attacking pawn e4, and bishop b2. mit Angriff
auf den Bauern e4 und den Läufer b2.} 25. Bxc4 bxc4 26. Nd2 c5 $1 ({Worse is} 
26... d5 $6 27. exd5 cxd5 28. Bc3 $14) 27. b5 Qxa5 28. Nxc4 Qd8 $13 {and
already White has to seek a way to equality. und hier muss bereits Weiß einen
Weg zum Ausgleich suchen.}) {On his next move Hao spent more than 20 minutes.
Für seinen nächsten Zug brauchte Hao mehr als 20 Minuten.} 24... Nxd3 {
Otherwise, White will save the bishop. Ansonsten wird Weiß den Läufer retten.}
25. Qxd3 Qa8 {With a draw offer. Mit Remisangebot.} 26. f3 Qb8 {Black has no
counterplay, and it's not easy to suggest a good plan for him. Schwarz hat
kein Gegenspiel, und es ist nicht leicht, einen guten Plan für ihn
vorzuschlagen.} 27. Ne2 {White is going to exchange the dark-squared bishop.
Weiß will die schwarzfeldrigen Läufer tauschen.} Rcd8 28. Bd4 $16 Nd7 29. Bxg7
Kxg7 {White's main advantage is that Black's bishop has to stay on b7,
otherwise the "a" pawn will become very dangerous. Black can't play c6-c5, so
the bishop is passive, and to exploit this this, White should play on the
kingside, where he will have an 'extra" piece. White is going to put the
knights on c3 and b3 - to prevent c6-c5 for a long time, and then prepare
actions on the kingside, with f3-f4. Der Hauptvorteil von Weiß liegt darin,
dass der schwarze Läufer auf b7 bleiben muss, da sonst der a-Bauer
brandgefährlich wird. Schwarz kann nicht c6-c5 spielen, daher ist der Läufer
passiv, und um dies auszunutzen, sollte Weiß am Königsflügel spielen, wo er
eine "Mehrfigur" haben wird. Er wird zunächst die Springer auf c3 und b3
stellen, um c6-c5 auf lange Zeit zu verhindern, und dann mit f3-f4 Aktionen am
Königsflügel vorbereiten.} 30. Qd4+ Kh7 31. Rcd1 Ne5 32. Qf2 ({A big mistake
would be Ein grober Fehler wäre} 32. Nc3 $2 {because Black has , weil Schwarz}
c5 $1 $11 {hat, wonach Weiß keinen Bauern gewinnen kann:} {and White can't
take the pawn:} 33. bxc5 $6 dxc5 34. Qxc5 $2 Nxf3+ $1 35. gxf3 Qg3+ 36. Kf1
Qxf3+ 37. Qf2 (37. Kg1 Rxe4 $1 {with mate. mit Matt.}) 37... Qxh3+ 38. Kg1 Qxc3
$19) 32... Nc4 33. Nc3 Re7 34. Rd3 $1 {Using the space advantage, White
increases the activity of his rooks. Unter Ausnutzung des Raumvorteils
steigert Weiß die Aktivität seiner Türme.} Qc8 35. Red1 Qe6 $6 {Could lead to
an immediate loss. Hätte zum sofortigen Verlust führen können.} ({Better is
Besser ist} 35... Rdd7) {White can't improve position any more, so it's time
to begin the fight. Weiß kann seinen Stellung nicht mehr verstärken, also ist
es Zeit, zum Kampf überzugehen.} 36. f4 $1 {Threatening e4-e5. Drohend e4-e5.}
Rde8 37. Rf3 $2 {Doesn't spoil the position Verdirbt zwar die Stellung nicht} (
{but missing a chance to finish the game in textbook style, after , versäumt
aber eine Chance, die Partie lehrbuchmäßig zu beenden, und zwar nach} 37. e5 $1
dxe5 ({of course, hopeless is hoffnungslos ist natürlich} 37... d5 38. Nc5 $18)
38. Nc5 Qf5 ({If falls} 38... Qc8 {then , so} 39. N3e4 $18 Kg7 40. Rd7) {
Here I stopped calculations, but White has Hier hörte ich auf zu rechnen, aber
Weiß hat} 39. g4 $1 {and for Black the game is over: , und für Schwarz ist die
Partie zu Ende:} Qc8 ({or oder} 39... Qxf4 40. Rf3 $18 Qg5 41. N3e4) 40. N3e4
$18 {Here we can see White's strategy as a picture - White knight c5 against
Black bishop on b7. Hier sehen wir die Bilderbuchstrategie von Weiß - Springer
auf c5 gegen Läufer auf b7.}) 37... f5 $1 {Black opens a line for his rooks
and blocks White's play. But at the same time it creates what White wants,
namely actions on the kingside. Schwarz öffnet eine Linie für seine Türme und
blockiert das gegnerische Spiel. Doch gleichzeitig eröffnet dies, was Weiß
will, nämlich Aktionen am Königsflügel.} 38. exf5 $1 {An exact move. Ein
genauer Zug.} ({After Nach} 38. Nd4 $6 Qf6 39. exf5 gxf5 {we have the same
structure, but the knight on d4 gives Black good opportunities. haben wir
dieselbe Struktur, doch der Springer auf d4 gibt Schwarz gute Möglichkeiten.})
38... gxf5 (38... Qxf5 $6 {lets White start an attack: lässt Weiß zum Angriff
kommen:} 39. Nd4 $1 Qf6 40. f5 $1 {, for example , zum Beispiel} c5 41. fxg6+
Qxg6 42. Rg3 $1 ({weak is schwach ist} 42. Rf6 $2 {because of wegen} Re1+ $1
43. Rxe1 Rxe1+ 44. Kh2 Qxg2+ $1 45. Qxg2 Bxg2 $11) 42... Qf7 43. Qc2+ $1 Kh8
44. Nf5 $16) 39. Rg3 Qf6 ({Black can't simplify the position Schwarz kann die
Stellung nicht vereinfachen:} 39... Ne3 $2 40. Re1 $1 Qxb3 41. Rgxe3 Rxe3 42.
Rxe3 Rxe3 43. Qxe3 Qxb4 44. Qe7+ Kg8 {and here the simplest is , und hier
geschieht am einfachsten} 45. Ne2 $1 Qxa5 46. Qe6+ $1 $18 {White has a very
strong attack. Weiß hat sehr starken Angriff.}) 40. Rdd3 {Taking under control
the e3 square. Nimmt das Feld e3 unter Kontrolle. Trotz der e-Linie hat
Schwarz noch immer kein Gegenspiel.} {Despite the e-file, Black still hasn't
counterplay.} Bc8 {Here, we both had about 10 min. till the end, so the last
part of the game we were playing quite fast. Hier hatten wir beide noch etwa
10 Minuten bis zum Ende, den letzten Teil der Partie spielten wir also recht
flink.} 41. Kh2 Bb7 42. Nd4 {The knight is going to the kingside. Der Springer
strebt zum Königsflügel.} Qf7 43. Nf3 Qf6 44. Nh4 $1 {(/\Rg6)} Qf7 ({Of course,
losing is Zum Verlust führt natürlich} 44... Qxh4 45. Rg7+ $1 Rxg7 46. Qxh4 c5
({or} 46... Ne3 47. Rxd6 Rxg2+ 48. Kh1 $18) 47. g4 cxb4 48. Qh5 $1 Rf8 49. Nxb5
$18) ({But it's not easy to recommend something for Black. For example
Allerdings ist es nicht einfach, etwas für Schwarz zu empfehlen. Zum Beispiel} 
44... Rg8 45. Rxg8 Kxg8 46. Ne2 $1 Bc8 47. Rg3+ Kh7 48. Rg6 Qf8 49. Qf3 $1 $18)
45. Rg6 {With such active rooks White will have a strong attack, but if Black
exchanges them, he will have a losing endgame. Mit derart aktiven Türmen wird
Weiß starken Angriff haben, doch wenn Schwarz sie tauscht, wird er in einem
verlorenen Endspiel landen.} Re6 46. Rdg3 Rxg6 47. Rxg6 Bc8 ({Or Oder} 47...
Re3 48. Ne2 c5 49. Ng3 $18) 48. Ne2 $6 ({Immediately winning is Sofort gewinnt
} 48. Qf3 $1 $18 {attacking c6, and threatening queen h5. mit Angriff gegen c6
und der Drohung Dh5.}) 48... Rg8 49. Rxg8 Kxg8 50. Nd4 Qd5 51. a6 $1 $18 {
The rest is simple. Black cannot both stop the pawn, and protect the king. Der
Rest ist einfach. Schwarz kann nicht den a-Bauern stoppen und gleichzeitig den
König schützen.} c5 ({If Falls} 51... Bxa6 {then , so} 52. Nhxf5 $18) 52. Nxb5
cxb4 53. a7 Bb7 54. Nd4 Kh7 55. Ndxf5 Nd2 56. Qe1 Qxg2+ {The first, and the
last check. Das erste - und das letzte - Schach.} (56... Ne4 57. Qxb4 $18) 57.
Nxg2 Nf3+ 58. Kg3 Nxe1 59. Nxe1 {Black resigned. Schwarz gab auf.} 1-0

[Event "EU-ch 12th"]
[Site "Aix les Bains"]
[Date "2011.04.01"]
[Round "10"]
[White "Navara, David"]
[Black "Saric, Ivan"]
[Result "0-1"]
[WhiteElo "2722"]
[BlackElo "2626"]
[Annotator "Marchand,A/Primel,D"]
[PlyCount "174"]
[EventDate "2011.03.22"]
[EventType "swiss"]
[EventRounds "11"]
[EventCountry "FRA"]
[SourceTitle "CBM 142 Extra"]
[Source "ChessBase"]
[SourceDate "2011.06.27"]
[SourceVersion "1"]
[SourceVersionDate "2011.06.27"]
[SourceQuality "1"]
[TimeControl "40/5400+30:1800+30"]

1. e4 e5 2. Nf3 Nc6 3. Bb5 a6 4. Ba4 Nf6 5. O-O Be7 6. Re1 b5 7. Bb3 d6 8. c3
O-O 9. h3 Bb7 10. d4 Re8 11. Nbd2 Bf8 12. a3 {85} h6 {83} 13. d5 Ne7 (13... Nb8
14. Nh2 c6 15. dxc6 Bxc6 16. Qf3 Nbd7 17. Ng4 a5 18. Ba2 Qe7 19. Nf1 Nxg4 20.
hxg4 Nc5 21. g5 hxg5 22. Bxg5 Qb7 23. Ng3 a4 24. Rad1 Nb3 25. Nf5 Re6 26. Rd3
f6 27. Bc1 Kf7 28. Qh5+ {Topalov,V (2796)-Morozevich,A (2771)/Nice 2009/CBM
129 Extra/ 1-0 (43)}) 14. Nh2 Qd7 $146 (14... Ng6 15. Ndf1 Be7 16. Ng4 Nh7 17.
Nge3 Bg5 18. g3 Bxe3 19. Nxe3 Bc8 20. h4 Ne7 21. a4 Bd7 22. c4 Nf6 23. Bc2 Qc8
24. b4 c5 25. Ba3 cxb4 26. Bxb4 Qc7 27. cxb5 axb5 28. a5 Rf8 29. Bd3 {
Kryvoruchko, Y (2609)-Bellia,F (2376)/Paleochora 2010/CBM 137 Extra/1-0 (55)})
15. Ndf1 {83} c6 $1 {78} 16. Ng4 {Un thème classique dans l'espagnole} Nxg4 17.
hxg4 {[%csl Gf5]} cxd5 18. exd5 Rac8 {[%csl Rd5][%cal Gc8c5]} 19. Ng3 (19. Ne3
$5 {[%cal Ge3d5,Ge3f5]}) 19... Rc4 (19... Rc5 20. Ne4 Rxd5 21. Bxd5 Bxd5 $44)
20. Bxc4 {64} bxc4 {49} 21. b4 Nxd5 $44 22. Ne4 h5 {Risqué} (22... Be7 {
[%csl Gg5]}) (22... Qc6 $5 {[%cal Gc6g2]}) 23. g5 $5 {[%cal Gd1h5]} Qc6 {
[%csl Rg2]} (23... g6 24. Qxd5 Bxd5 25. Nf6+) (23... g6 $4 24. Qxd5 $1) (23...
Qg4 {[%cal Gg4g2,Gg4h5] Moins risqué} 24. Qxg4 hxg4 $132) 24. Qxh5 Nxc3 $6 (
24... Nf4) 25. Re3 Re6 26. Rh3 Rh6 $1 27. gxh6 {49} Qxe4 {26} 28. f3 $2 {
Les Blancs avaient pourtant du temps mais le tchèque était hors de forme dans
ce tournoi} (28. Rf3 $8 Qe1+ 29. Kh2 Bxf3 30. h7+ Kh8 31. Qxf7 $1 {[%cal Gf7f8,
Gf7f3,Gf7g8]} Kxh7 32. Qxf3 $18 {[%cal Gc1b2]}) 28... Qd4+ 29. Kh2 Ne2 30. Bb2
Qf4+ 31. Kh1 c3 32. hxg7 Bxg7 33. Qh7+ Kf8 34. Bc1 Nxc1 35. Qc2 Bh6 36. Qxc3
Ne2 37. Qe1 Nd4 38. Qh4 $6 {La mauvaise coordination des pièces Blanches va se
payer au prix fort} Qxh4 39. Rxh4 Kg7 40. Rd1 $2 (40. Kg1 $6 Be3+ 41. Kf1 a5 $1
{[%csl Ge3,Rf1][%cal Gb7a6]}) (40. Rg4+ Kf6 41. Rg8 $1 Bd5 42. Rb8) 40... Nf5
41. Rxh6 $5 (41. Rh3 {[%csl Rh3]} d5 $17 {[%csl Gd5]}) 41... Kxh6 42. Rc1 e4 (
42... d5 $142 $1 {Garde une meilleure structure} 43. Rc7 d4 $1 44. Rxb7 d3 45.
Rd7 Nd4) 43. fxe4 Bxe4 44. Kg1 Kg5 45. a4 d5 46. Rc7 Kf6 47. b5 axb5 48. axb5
d4 49. b6 Nd6 50. g4 Ke6 51. g5 Bd5 52. Kf2 Ne4+ 53. Ke2 Kd6 54. g6 fxg6 55.
Rg7 Nc5 56. Rxg6+ Be6 57. b7 Kc7 58. Rg7+ Kb8 59. Re7 (59. Rg5 Bc4+ (59... Nxb7
60. Kd3 {[%cal Gd3d4]}) 60. Kf3) 59... Bg4+ 60. Kd2 Bf5 61. Re8+ Kxb7 $19 62.
Re5 Nb3+ 63. Ke2 Bc2 64. Rd5 Kc7 65. Kf3 Kc6 66. Rd8 Kb5 67. Kf4 Kb4 68. Rb8+
Kc3 69. Rc8+ Kd2 70. Rd8 d3 71. Rxd3+ Kxd3 72. Ke5 Kc4 73. Kd6 Kd4 74. Ke6 Nc5+
75. Kd6 Be4 76. Ke7 Ke5 77. Kf7 Bf5 78. Kg7 Ke6 79. Kg8 Kf6 80. Kh8 Nd3 81. Kg8
Ne5 82. Kh8 Nf7+ 83. Kg8 Be4 84. Kf8 Bh7 85. Ke8 Ne5 86. Kd8 Ke6 87. Kc7 Nd7
0-1